Bienvenue au Catalogue en Ligne des Bibliothèques de l'Universite du Burundi

The internet (Record no. 53814)

000 -GUIDE
Champ de contrôle de longueur fixe 00701nam a22002417a 4500
003 - IDENTITÉ DU NUMÉRO DE CONTRÔLE
Champ de contrôle BI-BuBU
008 - ÉLÉMENTS DE LONGUEUR FIXE - RENSEIGNEMENTS GÉNÉRAUX
Champ de contrôle de longueur fixe 260430b1996 wauaaaafr|||| 001 0 eng d
020 ## - INTERNATIONAL STANDARD BOOK NUMBER
ISBN 0841232237
020 ## - INTERNATIONAL STANDARD BOOK NUMBER
ISBN 0841232245
037 ## - SOURCE D'ACQUISITION
Numéro d'inventaire 005/2025/4
Source d'acquisition et du numéro d'inventaire Don
039 ## - NIVEAU DE CONTRÔLE BIBLIOGRAPHIQUE ET HISTORIQUE D'ENCODAGE [OBSOLETE]
Date creation 20260430122244.0
Nom catalographe Augustin Mukezamfura
040 ## - SOURCE DU CATALOGAGE
Organisme qui a effectué le catalogage original BI-BuBU
Code de la langue utilisée dans le catalogage eng
Organisme qui a effectué la transcription BI-BuBU
041 0# - CODE DE LANGUE
Code de langue du texte/de la piste sonore ou du titre distinct eng
080 ## - INDICE DE LA CLASSIFICATION DÉCIMALE UNIVERSELLE (CDU)
Indice de la Classification décimale universelle 004.738.5
245 04 - MENTION DU TITRE
Titre The internet
Reste du titre a guide for chemists
Mention de responsabilité, etc. Edited by Stephen M. Bachrach
260 ## - PUBLICATION, DIFFUSION, ETC. (ADRESSE BIBLIOGRAPHIQUE)
Lieu de publication, diffusion, etc. Washington, DC
Nom de l'éditeur, diffuseur, etc. American Chemical Society
Date of publication, distribution, etc 1996
300 ## - DESCRIPTION MATÉRIELLE
Collation XV-344 p.
Autres caractéristiques matérielles ill.
Dimensions 23 cm.
504 ## - NOTE DE BIBLIOGRAPHIE ET INDEX.
Note de bibliographie et index. Bibliogr. Index
650 #7 - VEDETTE-MATIÈRE - NOM COMMUN
Source du terme BI-BuBU
Vedette de sujet ou vedette comportant un nom géographique Internet
655 #7 - TERME D'INDEXATION - GENRE OU FORME
Source du terme BI-BuBU
Données ou terme dominant sur le genre ou la forme Book
700 1# - VEDETTE SECONDAIRE - NOM DE PERSONNE
Code de relation ed.
Nom d'auteur M. Bachrach, Stephen
942 ## - ÉLÉMENTS D'ENTRÉE ADDITIONNELLE (KOHA)
Source de la classification ou du système de rangement
Type d item koha BOOK
Holdings
Statut de retrait Statut de perte Source de la classification ou du système de rangement Statut de déterioration Exclu du prêt Numéro d item Koha Localisation permanente Localisation actuelle Date d'acquisition Source d'acquisition Nombre de prêts Cote Code-barres Date last seen Prix en vigueur à partir du Type d item koha
        Ordered 85662 Bibliothèque du Campus Kiriri Bibliothèque du Campus Kiriri 30/04/2026 Don   004.738.5 INT. 5010000527556 30/04/2026 30/04/2026 BOOK
© 2019-2026 - Bibliothèques de l'Université du Burundi |Tous droits réservés
home | Pour toute information urgente Contactez nous | tel whatsupp: +25779204313